000 00718nam a2200289Ia 4500
005 20260324122409.0
008 008 260324s9999 xx 000 0 eng d
020 _a9780203797334
037 _aEBOOK
040 _aCRL
040 _beng
040 _cCRL
041 _2eng
041 _aeng
084 _qCRL
100 _aRichard Dawson
_91166287
245 0 _aJustice as Attunement
245 0 _bTransforming Constitutions in Law, Literature, Economics and the Rest of Life
260 _bTaylor and Francis
260 _c2013
365 _a
365 _b240
856 _uhttp://www.taylorfrancis.com/books/9780203797334
942 _cEBOOK
999 _c1759001
_d1759001